Il trattore della nonna /
Kaydedildi:
| Yazar: | |
|---|---|
| Diğer Yazarlar: | |
| Materyal Türü: | Kitap |
| Dil: | İtalyanca |
| Baskı/Yayın Bilgisi: |
Torino :
Giralangolo,
c2014
|
| Seri Bilgileri: | Sottosopra
|
| Etiketler: |
Etiket eklenmemiş, İlk siz ekleyin!
|
MARC
| LEADER | 00000nam a22000007i 4500 | ||
|---|---|---|---|
| 001 | IT\ICCU\LO1\1515920 | ||
| 003 | ItRI | ||
| 005 | 20260115232117.0 | ||
| 008 | 140407s2014 it |||||| |||||1|||||c | ||
| 020 | |a 9788859205500 | ||
| 024 | 3 | 1 | |a 9788859205500 |
| 040 | |b ita |c importazione bologna sebina | ||
| 041 | 7 | |a ita |2 ISO-639-2 | |
| 100 | 1 | |a Roveda, Anselmo |0 IT\ICCU\RAVV\359429 |4 aut | |
| 240 | 1 | 3 | |a Il trattore della nonna |3 IT\ICCU\RAV\2041511 |9 Roveda, Anselmo |
| 245 | 1 | 3 | |a Il trattore della nonna / |c scritto da Anselmo Roveda ; illustrato da Paolo Domeniconi. |
| 260 | |a Torino : |b Giralangolo, |c c2014 | ||
| 300 | |a 1 volume (senza paginazione) : |b in gran parte ill. ; |c 25x25 cm | ||
| 700 | 1 | |a Domeniconi, Paolo |0 IT\ICCU\MODV\317646 |4 ill | |
| 752 | |a it |d Torino | ||
| 790 | 1 | |a Domenikoni, P. |3 IT\ICCU\RAVV\706744 |z Domeniconi, Paolo | |
| 830 | 0 | |a Sottosopra |0 IT\ICCU\LUA\0530335 | |
| 942 | |2 ddc |c BK |n 0 | ||
| 952 | |0 0 |1 0 |4 0 |6 R_853_920000000000000_ROV |7 0 |9 20211 |a BO |b BO |d 2026-01-15 |i 18278 |l 0 |o R 853.92 ROV |p BO18278 |r 2026-01-15 23:21:17 |w 2026-01-15 |x [Sebina 5] [1 v.] |y BK |z 1 v. | ||
| 999 | |c 17239 |d 17239 | ||